| 000 | 00460nam a22001697a 4500 | ||
|---|---|---|---|
| 999 |
_c40535 _d40535 |
||
| 003 | OSt | ||
| 005 | 20201229092459.0 | ||
| 008 | 201229b ||||| |||| 00| 0 eng d | ||
| 020 | _a9380884206 | ||
| 040 | _coclc | ||
| 082 |
_a920 _bPAL/K |
||
| 100 |
_aPaloor, M N _97936 |
||
| 245 |
_aKathayillathavante Katha / _cM N Paloor |
||
| 260 |
_aThrissur: _bGreen Books, _c2011. |
||
| 300 | _a342p | ||
| 942 |
_cBK _2ddc _h920 _iPAL/K _k920 _mPAL/K |
||